Spanish Animal Alphabet 3 - Estadísticas

Estadísticas generales
  • Esta prueba ha sido intentada 20 veces
  • La puntuación promedio es 8 de 11
Estadísticas de respuestas
Imagen Hint Respuesta % Correcto
P Pato
100%
R Rinoceronte
89%
S Serpiente
89%
T Tigre
89%
V Vaca
89%
Y Yeti
83%
Z Zorro
83%
U Urraca
67%
Q Quetzal
44%
W Walabí
33%
X Xenopus
17%
No se encontraron pruebas coincidentes
Distribución de puntuación
Porcentaje de gente con cada puntuación
Porcentaje por número respondido
Historial de tus puntuaciones
No has intentado esta prueba.